| 000 | 00853nam a22002177a 4500 | ||
|---|---|---|---|
| 005 | 20100803161516.0 | ||
| 010 | _aENG-97996 | ||
| 020 |
_a9788172087159 _c278.00 |
||
| 020 |
_a9788172086947 (set) _c278.00 |
||
| 035 | _aEN-81529 | ||
| 037 | _bDBAD/PUB | ||
| 082 | _a181.45 | ||
| 100 |
_aNilayam, Prasanthi _96315 |
||
| 245 |
_aBhagavad Gita Part -1 : _bDiscourses of bhagawan sri sathya sai baba on bhakti yoga / _cby Prasanthi Nilayam |
||
| 260 |
_aAndhra Pradesh, _bSai Sathya Sadhanatrust, Publications _c2009 |
||
| 270 |
_aPrasanthi Nilayam, _bAndhra Pradesh, _e515 134 |
||
| 300 |
_aV.1. 212p.: _bill _c20cm (pbk) |
||
| 650 |
_aBhagavad Gita _96316 |
||
| 942 |
_2ddc _cEN _h181.45 _mNIL |
||
| 999 |
_c39065 _d39065 |
||